000 00751cam a2200229 a 4500
001 4043911
005 20180116045447.0
008 981001s1998 mdua b 001 0 eng
010 _a 98204990
020 _a1569000859
040 _aDLC
_cDLC
041 _aeng
080 _a615.8515
082 0 0 _a615.8515 KAT
_221
100 _a8
101 _aEGF
245 0 0 _aCognition and occupation in rehabilitation :
_cNoomi Katz, editor.
504 _aIncludes bibliographical references and index.
906 _a7
_bcbc
_corignew
_d2
_encip
_f19
_gy-gencatlg
942 _2ddc
_cBK
999 _c40361
_d40361